Tourism local Production systems in the Central and Eastern European Countries
Prezentácia výstupov zo situačnej analýzy vývoja klastrov cestovného ruchu v dvoch krajinách; pokrýva menej preskúmavanú oblasť tvorby klastrov na Ukrajine a skúseností zo Slovenska identifikujú možnosť lepšieho využitia potenciálu cestovného ruchu na Ukrajine.
Na minha lista:
| Autor principal: | |
|---|---|
| Outros Autores: | , , |
| Formato: | Capítulo de Livro |
| Idioma: | inglês |
| Assuntos: | |
| Tags: |
Sem tags, seja o primeiro a adicionar uma tag!
|
MARC
| LEADER | 00000naa a2200000 4500 | ||
|---|---|---|---|
| 001 | 0224483 | ||
| 005 | 20221019173333.5 | ||
| 041 | 0 | |a eng | |
| 044 | |a SK | ||
| 245 | 1 | 0 | |a Tourism local Production systems in the Central and Eastern European Countries |c Kamila Borseková, Katarína Vitálišová, Mariia Lyzun, Ihor Lishchynskyy |
| 520 | |a Prezentácia výstupov zo situačnej analýzy vývoja klastrov cestovného ruchu v dvoch krajinách; pokrýva menej preskúmavanú oblasť tvorby klastrov na Ukrajine a skúseností zo Slovenska identifikujú možnosť lepšieho využitia potenciálu cestovného ruchu na Ukrajine. | ||
| 610 | 2 | 0 | |a ruch cestovný |
| 610 | 2 | 0 | |a Ukrajina |
| 610 | 2 | 0 | |a Slovensko |
| 610 | 2 | 0 | |a klaster |
| 100 | 1 | |a Borseková, Kamila | |
| 700 | 1 | |a Vitálišová, Katarína | |
| 700 | 1 | |a Lyzun, Mariia | |
| 700 | 1 | |a Lishchynskyy, Ihor | |